Best value procurement in construction using artificial intelligence (Record no. 69327)
[ view plain ]
| 000 -LEADER | |
|---|---|
| fixed length control field | 01555cam a2200265 4500 |
| 001 - CONTROL NUMBER | |
| control field | ABS64987 |
| 008 - FIXED-LENGTH DATA ELEMENTS--GENERAL INFORMATION | |
| fixed length control field | 020123n2001 000 0 eng u |
| 035 ## - SYSTEM CONTROL NUMBER | |
| System control number | (Sirsi) u116399 |
| 100 ## - MAIN ENTRY--PERSONAL NAME | |
| Personal name | Kashiwagi, D. |
| 245 ## - TITLE STATEMENT | |
| Title | Best value procurement in construction using artificial intelligence |
| 260 ## - PUBLICATION, DISTRIBUTION, ETC. | |
| Date of publication, distribution, etc. | 2001 |
| 490 ## - SERIES STATEMENT | |
| Series statement | Journal of Construction Procurement |
| Volume/sequential designation | 7(2), 42-59(18) |
| 520 ## - SUMMARY, ETC. | |
| Summary, etc. | There is a growing movement in the construction industry away from procurement through traditional low-bid methods toward performance based and best value procurement. Best value is achieved by contractors who optimise by price and performance. Until now there have been two major types of best value procurement: one-step and two-step. The major difficulty with both systems is finding an unbiased way to evaluate value versus performance. This study explores best value as identified by artificial intelligence (AI). The paper covers a case study of the use of a performance based procurement system called performance information procurement system (PBIS), to obtain best value on roof replacement and mechanical systems replacement projects in public schools and the state of Hawaii. [TAKEN FROM JOURNAL HEADNOTE] |
| 590 ## - LOCAL NOTE (RLIN) | |
| Local note | ABS |
| 650 ## - SUBJECT ADDED ENTRY--TOPICAL TERM | |
| Topical term or geographic name entry element | ARTIFICIAL INTELLIGENCE |
| 650 ## - SUBJECT ADDED ENTRY--TOPICAL TERM | |
| Topical term or geographic name entry element | Procurement-old |
| 650 ## - SUBJECT ADDED ENTRY--TOPICAL TERM | |
| Topical term or geographic name entry element | HAWAII |
| 650 ## - SUBJECT ADDED ENTRY--TOPICAL TERM | |
| Topical term or geographic name entry element | PERFORMANCE |
| 650 ## - SUBJECT ADDED ENTRY--TOPICAL TERM | |
| Topical term or geographic name entry element | PERFORMANCE INFORMATION PROCUREMENT SYSTEM |
| 650 ## - SUBJECT ADDED ENTRY--TOPICAL TERM | |
| Topical term or geographic name entry element | BEST VALUE |
| 650 ## - SUBJECT ADDED ENTRY--TOPICAL TERM | |
| Topical term or geographic name entry element | CONSTRUCTION INDUSTRY |
| 650 ## - SUBJECT ADDED ENTRY--TOPICAL TERM | |
| Topical term or geographic name entry element | UNITED STATES |
| 690 ## - LOCAL SUBJECT ADDED ENTRY--TOPICAL TERM (OCLC, RLIN) | |
| Topical term or geographic name as entry element | Procurement |
| 9 (RLIN) | 6260 |
| 942 ## - ADDED ENTRY ELEMENTS (KOHA) | |
| Suppress in OPAC | 0 |
| Withdrawn status | Lost status | Source of classification or shelving scheme | Damaged status | Not for loan | Home library | Current library | Shelving location | Date acquired | Total Checkouts | Full call number | Barcode | Date last seen | Copy number | Price effective from | Koha item type |
|---|---|---|---|---|---|---|---|---|---|---|---|---|---|---|---|
| Dewey Decimal Classification | London | London | Journal article | 23/01/2002 | ABS64987 | 116399-1001 | 06/08/2019 | 1 | 06/08/2019 | Journal article |